ARRUPE JESUIT UNIVERSITY

CORONAVIRUS -STOP THE SPREAD - CLEAN,DISINFECT,COVER

A sentimental journey through France and Italy / (Record no. 122372)

MARC details
000 -LEADER
fixed length control field 00925cam a2200289 a 4500
001 - CONTROL NUMBER
control field 711764
003 - CONTROL NUMBER IDENTIFIER
control field ARRUPE
005 - DATE AND TIME OF LATEST TRANSACTION
control field 20150414115528.0
008 - FIXED-LENGTH DATA ELEMENTS--GENERAL INFORMATION
fixed length control field 890213c19861967enk 000 1 eng d
020 ## - INTERNATIONAL STANDARD BOOK NUMBER
International Standard Book Number 0140430261
035 ## - SYSTEM CONTROL NUMBER
System control number (OCoLC)22682718
035 ## - SYSTEM CONTROL NUMBER
System control number (OCoLC)ocm22682718
035 ## - SYSTEM CONTROL NUMBER
System control number (CStRLIN)NYCG89-B10538
035 ## - SYSTEM CONTROL NUMBER
System control number (NNC)711764
040 ## - CATALOGING SOURCE
Original cataloging agency NNC
Transcribing agency NNC
090 ## - LOCALLY ASSIGNED LC-TYPE CALL NUMBER (OCLC); LOCAL CALL NUMBER (OCLC)
Classification number (OCLC) (R) ; Classification number, CALL (RLIN) (NR) PR3714
Local cutter number (OCLC) ; Book number/undivided call number, CALL (RLIN) .S4 1986g
300 ## - PHYSICAL DESCRIPTION
Dimensions 21 cm.
100 1# - MAIN ENTRY--PERSONAL NAME
Personal name Sterne, Laurence,
Dates associated with a name 1713-1768.
9 (RLIN) 16101
245 12 - TITLE STATEMENT
Title A sentimental journey through France and Italy /
Statement of responsibility, etc by Laurence Sterne ; edited with introductions by Ian Jack.
260 ## - PUBLICATION, DISTRIBUTION, ETC. (IMPRINT)
Place of publication, distribution, etc London :
Name of publisher, distributor, etc Oxford University Press,
Date of publication, distribution, etc 1968.
300 ## - PHYSICAL DESCRIPTION
Extent 241 p. ;
490 1# - SERIES STATEMENT
Series statement Penguin classics
500 ## - GENERAL NOTE
General note to which are added the journal to Eliza and a political romance
700 ## - ADDED ENTRY--PERSONAL NAME
Personal name Jack, Ian Robert James (ed.)
9 (RLIN) 16102
830 #0 - SERIES ADDED ENTRY--UNIFORM TITLE
Uniform title Penguin classics.
9 (RLIN) 16103
942 ## - ADDED ENTRY ELEMENTS (KOHA)
Source of classification or shelving scheme Library of Congress Classification
Koha item type Monograph ( Printed materials)
Holdings
Withdrawn status Lost status Source of classification or shelving scheme Damaged status Not for loan Collection code Home library Current library Shelving location Date acquired Total Checkouts Full call number Barcode Date last seen Price effective from Koha item type
    Library of Congress Classification     Main Collection ARRUPE LIBRARY ARRUPE LIBRARY Main Collection 10/03/2015   PR3714.S4 1968 46500002724 10/03/2015 10/03/2015 Monograph ( Printed materials)

 

Arrupe Library. PO Box MP320 Mt Pleasant, Harare, Zimbabwe
263 242 745411|librarian@aju.ac.zw